MARC

LEADER 00000nam0a2200000 4500
001 11920
005 20231030183957.0
010 |a 5878721198 
035 |a (RuTPU)RU\TPU\book\11994 
035 |a BOOK00012060 
090 |a 11920 
100 |a 20011209d1998 k y0rusy50 ca 
101 0 |a rus 
102 |a RU 
105 |a a z 000zy 
200 1 |a Атлас микрокомпонентов и петрогенетических типов антрацитов  |f Л. Я. Кизильштейн, А. Л. Шпицглуз 
210 |a Ростов-на-Дону  |c Северо-Кавказский научный центр высшей школы  |d 1998 
215 |a 254 с.  |c ил. 
610 1 |a антрациты 
610 1 |a месторождения 
610 1 |a петрография 
610 1 |a микрокомпоненты 
610 1 |a низкотемпературная плазма 
610 1 |a микрофотография 
610 1 |a атласы 
675 |a 553.93  |v 3 
675 |a 552.57  |v 3 
700 1 |a Кизильштейн  |b Л. Я.  |g Леонид Яковлевич 
701 1 |a Шпицглуз  |b А. Л.  |g Аркадий Львович 
801 0 |a RU  |b 63413507  |c 20011209  |g PSBO 
801 2 |a RU  |b 63413507  |c 20090923  |g PSBO 
942 |c BK